Statistics for Countries of South America Tile Select Quiz

Click here to take the quiz!

General Stats

  • This quiz has been taken 19 times
  • The average score is 52 of 60

Answer Stats

QuestionTileSelect% Correct
Countries that border the Atlantic Ocean or the Caribbean SeaBoliviaNo
100%
Countries that are larger than Venezuela in both Area and PopulationEcuadorNo
100%
Countries that border the Atlantic Ocean or the Caribbean SeaEcuadorNo
100%
Countries that are larger than Venezuela in both Area and PopulationGuyanaNo
100%
Countries with Spanish as an official languageGuyanaNo
100%
Countries that have a point higher than 5.000 MetersGuyanaNo
100%
Countries that border the Atlantic Ocean or the Caribbean SeaParaguayNo
100%
Countries that border the Atlantic Ocean or the Caribbean SeaPeruNo
100%
Countries that have a point higher than 5.000 MetersSurinameNo
100%
Countries with Spanish as an official languageSurinameNo
100%
Countries that are larger than Venezuela in both Area and PopulationSurinameNo
100%
Countries that Border a Country that starts with CSurinameNo
100%
Countries that Border a Country that starts with CUruguayNo
100%
Countries that are larger than Venezuela in both Area and PopulationUruguayNo
100%
Countries that have a point higher than 5.000 MetersUruguayNo
100%
Countries with Spanish as an official languageArgentinaYes
94%
Countries that are larger than Venezuela in both Area and PopulationArgentinaYes
94%
Countries with Spanish as an official languageBrazilNo
94%
Countries that border the Atlantic Ocean or the Caribbean SeaBrazilYes
94%
Countries that are larger than Venezuela in both Area and PopulationBrazilYes
94%
Countries that Border a Country that starts with CChileNo
94%
Countries with Spanish as an official languageColombiaYes
94%
Countries that Border a Country that starts with CColombiaNo
94%
Countries with Spanish as an official languageEcuadorYes
94%
Countries that border the Atlantic Ocean or the Caribbean SeaGuyanaYes
94%
Countries that Border a Country that starts with CParaguayNo
94%
Countries that have a point higher than 5.000 MetersParaguayNo
94%
Countries with Spanish as an official languagePeruYes
94%
Countries that border the Atlantic Ocean or the Caribbean SeaSurinameYes
94%
Countries that Border a Country that starts with CVenezuelaYes
94%
Countries that are larger than Venezuela in both Area and PopulationBoliviaNo
89%
Countries that Border a Country that starts with CBrazilYes
89%
Countries that are larger than Venezuela in both Area and PopulationChileNo
89%
Countries with Spanish as an official languageChileYes
89%
Countries that border the Atlantic Ocean or the Caribbean SeaColombiaYes
89%
Countries that are larger than Venezuela in both Area and PopulationParaguayNo
89%
Countries that have a point higher than 5.000 MetersPeruYes
89%
Countries that Border a Country that starts with CPeruYes
89%
Countries that border the Atlantic Ocean or the Caribbean SeaVenezuelaYes
89%
Countries with Spanish as an official languageVenezuelaYes
89%
Countries that are larger than Venezuela in both Area and PopulationVenezuelaNo
89%
Countries that Border a Country that starts with CArgentinaYes
83%
Countries with Spanish as an official languageBoliviaYes
83%
Countries that have a point higher than 5.000 MetersBoliviaYes
83%
Countries that Border a Country that starts with CBoliviaYes
83%
Countries that have a point higher than 5.000 MetersChileYes
83%
Countries that Border a Country that starts with CEcuadorYes
83%
Countries that Border a Country that starts with CGuyanaNo
83%
Countries with Spanish as an official languageUruguayYes
83%
Countries that have a point higher than 5.000 MetersVenezuelaNo
83%
Countries that border the Atlantic Ocean or the Caribbean SeaChileNo
78%
Countries with Spanish as an official languageParaguayYes
78%
Countries that border the Atlantic Ocean or the Caribbean SeaArgentinaYes
72%
Countries that are larger than Venezuela in both Area and PopulationColombiaYes
72%
Countries that have a point higher than 5.000 MetersBrazilNo
67%
Countries that have a point higher than 5.000 MetersArgentinaYes
61%
Countries that border the Atlantic Ocean or the Caribbean SeaUruguayYes
61%
Countries that have a point higher than 5.000 MetersEcuadorYes
44%
Countries that have a point higher than 5.000 MetersColombiaYes
39%
Countries that are larger than Venezuela in both Area and PopulationPeruNo
28%

Score Distribution

Percentile by Number Answered

Percent of People with Each Score

Your Score History

You have not taken this quiz